000 00263nam a2200109Ia 4500
008 240625s9999 xx 000 0 und d
041 _aeng
082 _a005.54 GOT
100 _aGOTTLIEB ISAAC
245 _aNEXT GENERATION EXCEL MODELING IN EXCEL
260 _c2009
999 _c39995
_d39995